000 00427nam a2200193Ia 4500
008 101110s9999 xx 000 0 und d
041 _aENGLISH
082 _bSR13827
_a657.42
100 _aBhar B.K.
245 _aCost Accounting
365 _b40
520 _aCommerce
546 _aENGLISH
630 _aCost Accounting
650 _aCommerce
655 _aCommerce
730 _aCost Accounting
942 _cBOOK
999 _c807963
_d807960